Spell the Marvel Villain #10 - Statistics

General Stats
  • This quiz has been taken 21 times
  • The average score is 11 of 17
Answer Stats
Picture Answer % Correct
Green Goblin
94%
Red Skull
94%
Thanos
94%
Carnage
81%
Hobgoblin
75%
Nebula
75%
Ultron
69%
Ebony Maw
63%
Enchantress
63%
Kang the Conqueror
56%
Nightmare
56%
Klaw
50%
Attuma
44%
Omega Red
44%
Onslaught
44%
Queen Veranke
38%
Regent
25%
No matching quizzes found
Score Distribution
Percent of People with Each Score
Percentile by Number Answered
Your Score History
You have not taken this quiz